Bundesliga Stadiums - Statistics

General Stats
  • This quiz has been taken 247 times
    101 since last reset
  • The average score is 11 of 18
Answer Stats
Team Capacity Stadium Name % Correct
Bayern Munich 75,000 Allianz Arena
98%
Borussia Dortmund 81,359 Signal Iduna Park
90%
Bayer Leverkusen 30,210 BayArena
87%
RB Leipzig 47,800 Red Bull Arena
76%
Borussia Mönchengladbach 54,042 Borussia-Park
74%
Hamburger SV 57,000 Volksparkstadion
70%
Eintracht Frankfurt 58,000 Deutsche Bank Park
68%
VfB Stuttgart 60,058 MHPArena
65%
SV Werder Bremen 42,100 Weserstadion
62%
VfL Wolfsburg 28,917 Volkswagen Arena
61%
St. Pauli 29,546 Millerntor-Stadion
56%
1. FC Köln 49,698 RheinEnergieStadion
56%
Augsburg 30,660 WWK Arena
55%
SC Freiburg 34,700 Europa-Park Stadion
51%
1899 Hoffenheim 30,150 PreZero Arena
48%
Union Berlin 22,012 Stadion An der Alten Försterei
46%
Mainz 05 33,305 MEWA Arena
41%
1. FC Heidenheim 15,000 Voith-Arena
35%
No matching quizzes found
Score Distribution
Percent of People with Each Score
Percentile by Number Answered
Your Score History
You have not taken this quiz since the last reset